00883nam a2200253 a 4500001001300000003000900013005001700022008004100039020001000080082001300090100002600103245004000129260005900169300000800228500003500236505007900271650003800350700002600388902000800414942000700422952009300429952009400522999001300616nice12345678IN_TiNIC20260116011315.0050524s1965 bana grp 000 0 eng  ac10000a239bFAK aFakirbhai, Dhanjibhai aKhristopanishadb Christ-Upanishad. aBangalorebChristian Instt.For Study of Religionc1965 a43p aincludes index and biblioraphy2 aunited nations conference on trade and development.Feb 1 to march 25 1968. aJesus Christ-Hindu Interpretation1 aFakirbhai, Dhanjibhai bSRS cBK 00104070aHMIbHMId2018-04-17g100.00l0o232 FAKp03497r0000-00-00w2026-01-16yEB 00104070aHMIbHMId2018-04-17g100.00l0o232 FAKp013050r0000-00-00w2026-01-16yBK c366d366